Democracy in Pakistan / (Record no. 36309)
[ view plain ]
| 000 -LEADER | |
|---|---|
| fixed length control field | 00940cam a2200265 a 4500 |
| 001 - CONTROL NUMBER | |
| control field | 36309 |
| 003 - CONTROL NUMBER IDENTIFIER | |
| rucl marc code | BD-RjUL |
| 005 - DATE AND TIME OF LATEST TRANSACTION | |
| control field | 20211209052452.0 |
| 008 - FIXED-LENGTH DATA ELEMENTS--GENERAL INFORMATION | |
| fixed length control field | 140619s1963 pk b 001 0 eng d |
| 035 ## - SYSTEM CONTROL NUMBER | |
| System control number | (BD-RjUL)36406 |
| 040 ## - CATALOGING SOURCE | |
| Original cataloging agency | NUN |
| Language of cataloging | eng |
| Transcribing agency | NUN |
| Modifying agency | BD-RjUL |
| 041 ## - LANGUAGE CODE | |
| Language code of text/sound track or separate title | eng |
| 082 04 - DEWEY DECIMAL CLASSIFICATION NUMBER | |
| Classification number | 342.5491 |
| Edition number | 19 |
| Author mark and year | CHD 1963 |
| 100 1# - MAIN ENTRY--PERSONAL NAME | |
| Personal name | Choudhury, G. W. |
| Fuller form of name | (Golam Wahed), |
| Dates associated with a name | 1926- |
| 9 (RLIN) | 6531 |
| 245 10 - TITLE STATEMENT | |
| Title | Democracy in Pakistan / |
| Statement of responsibility, etc. | G.W. Choudhury. |
| 260 ## - PUBLICATION, DISTRIBUTION, ETC. (IMPRINT) | |
| Place of publication, distribution, etc. | Dacca : |
| Name of publisher, distributor, etc. | Green Book House, |
| Date of publication, distribution, etc. | 1963. |
| 300 ## - PHYSICAL DESCRIPTION | |
| Pagination | xix, 309 p. ; |
| Size | 25 cm. |
| 500 ## - GENERAL NOTE | |
| General note | Published under the auspices of the Social Sciences Research Committee, University of Dacca. |
| General note | Issued in co-operation with the Publications Centre, University of British Columbia. |
| General note | Includes index. |
| 504 ## - BIBLIOGRAPHY, ETC. NOTE | |
| Bibliography, etc | Bibliography: p. [297]-306. |
| 650 #0 - SUBJECT ADDED ENTRY--TOPICAL TERM | |
| Topical term or geographic name as entry element | Pakistan |
| General subdivision | Constitutional history. |
| 9 (RLIN) | 125833 |
| Topical term or geographic name as entry element | Pakistan |
| General subdivision | Politics and government. |
| 9 (RLIN) | 125834 |
| 942 ## - ADDED ENTRY ELEMENTS (KOHA) | |
| Source of classification or shelving scheme | Dewey Decimal Classification |
| Koha item type | Books |
| Lost status | Source of classification or shelving scheme | Damaged status | Not for loan | Collection code | Permanent Location | Current Location | Shelving location | Date acquired | Source of acquisition | Cost, normal purchase price | Total Checkouts | Full call number | Date last seen | Copy number | Koha item type | Date checked out |
|---|---|---|---|---|---|---|---|---|---|---|---|---|---|---|---|---|
| Dewey Decimal Classification | Non-fiction | Central Library, University of Rajshahi | Central Library, University of Rajshahi | Reading Room | 08/02/1966 | Aligarh Library, Rajshahi. | 8.26 | 342.5491 CHD 1963 | 19/06/2014 | C-6 | Books | |||||
| Dewey Decimal Classification | Non-fiction | Central Library, University of Rajshahi | Central Library, University of Rajshahi | 08/12/1966 | Royal book company | 4 | 342.5491 CHD 1963 | 09/04/2018 | C-3 | Books | 18/03/2018 | |||||
| Dewey Decimal Classification | Non-fiction | Central Library, University of Rajshahi | Central Library, University of Rajshahi | 08/12/1966 | Royal book co. | 8.00 | 342.5491 CHD 1963 | 21/09/2021 | C-2 | Books | ||||||
| Dewey Decimal Classification | Not For Loan | Non-fiction | Central Library, University of Rajshahi | Central Library, University of Rajshahi | Reading Room | 08/12/1966 | Royal Bk. Co. | 342.5491 CHD 1963 | 02/06/2022 | C-1 | Books |